书目信息 |
| 题名: |
电器检修与试验
|
|
| 作者: | 徐绪椿 主编 | |
| 分册: | ||
| 出版信息: | 北京 中国水利水电出版社 1997.05 |
|
| 页数: | 249页 | |
| 开本: | 16开 | |
| 丛书名: | ||
| 单 册: | ||
| 中图分类: | TM406 | |
| 科图分类: | ||
| 主题词: | 变压器 , 变流器 , 电抗器 | |
| 电子资源: | ||
| ISBN: | 7-80124-186-X | |
| 000 | 00596nam0 2200217 45 | |
| 001 | 0008181171 | |
| 005 | 20000818113418.5 | |
| 010 | @a7-80124-186-X@d25.00元 | |
| 100 | @a20000818d1997 km y0chiy0120 ea | |
| 101 | 0 | @achi |
| 105 | @a z 000yy | |
| 200 | 1 | @a电器检修与试验@ADian Qi Jian Xiu Yu Shi Yan@f徐绪椿主编@FXu Xu Chun Zhu Bian |
| 210 | @a北京@c中国水利水电出版社@d1997.05 | |
| 215 | @a249页@d16开 | |
| 606 | 0 | @a变压器 |
| 606 | 0 | @a变流器 |
| 606 | 0 | @a电抗器 |
| 690 | @aTM406@v3 | |
| 701 | 0 | @a徐绪椿@4主编 |
| 801 | @aCN@bPftUser@c20000818 | |
| 905 | @b110751-753@dTM406@eX.126@f3 | |
| 电器检修与试验/徐绪椿主编.-北京:中国水利水电出版社,1997.05 |
| 249页;16开 |
| ISBN 7-80124-186-X:25.00元 |
| ● |
| 相关链接 |
|
|
|
正题名:电器检修与试验
索取号:TM406/X.126
 
预约/预借
| 序号 | 登录号 | 条形码 | 馆藏地/架位号 | 状态 | 备注 |
| 1 | 110751 | 201107514 | 自科二线404/404自科库 18排2列6层/ [索取号:TM406/X.126] | 在馆 | |
| 2 | 110752 | 201107523 | 自科二线404/404自科库 18排2列6层/ [索取号:TM406/X.126] | 在馆 | |
| 3 | 110753 | 201107532 | 自科二线404/404自科库 18排2列6层/ [索取号:TM406/X.126] | 在馆 |